College Quizbowl Stats
College Quizbowl Stats
Circuits
Seasons
Sets
Records
Detailed Stats
About
Loading...
2024 ACF Winter at Oxford
Tossups
Bonuses
Players
Teams
Categories (Tossup)
Categories (Bonus)
David Worley
LSE B
Categories
Category
Powers
Gets
Negs
BBs
Points
Earliest Buzz
Avg. Buzz
First Buzzes
Top 3 Buzzes
BPA
PVF
Fine Arts - Classical Music
0
2
0
0
20
119
124.00
0
0
0.00
0.00
Science - Other
0
2
0
0
20
66
84.00
0
0
0.00
0.00
Fine Arts - Other
0
1
0
0
10
122
122.00
0
0
0.00
0.00
Science - Physics
0
1
1
1
5
138
138.00
0
0
0.00
0.00
Buzzes
Category
Answer
Value
Buzz Position
Science - Other
ocean waves
10
66
Science - Physics
scattering
-5
93
Science - Other
data compression
10
102
Fine Arts - Classical Music
Turkey
10
119
Fine Arts - Other
Nigeria
10
122
Fine Arts - Classical Music
symphonies by Felix Mendelssohn
10
129
Science - Physics
heat capacity
10
138
Previous
1
Next